Cơ sở lý thuyết hóa đại cương /
Đã lưu trong:
| 主要作者: | |
|---|---|
| 其他作者: | , |
| 格式: | Sách giấy |
| 語言: | Vietnamese |
| 出版: |
H. :
Đại học và Trung học Chuyên nghiệp,
1983.
|
| 標簽: |
添加標簽
沒有標簽, 成為第一個標記此記錄!
|
| Thư viện lưu trữ: | Thư viện Trường Đại học Đà Lạt |
|---|
| LEADER | 00730nam a2200265 4500 | ||
|---|---|---|---|
| 001 | DLU110122714 | ||
| 005 | ##19990904 | ||
| 040 | # | # | |a DLU |b vie |
| 041 | # | # | |a vie |
| 082 | # | # | |a 540 |b PA-N |
| 100 | # | # | |a Pavlop, N. N. |
| 245 | # | # | |a Cơ sở lý thuyết hóa đại cương / |c N. N. Pavlop; Lê Chí Kiên, Nguyễn Văn Thoại dịch. |
| 260 | # | # | |a H. : |b Đại học và Trung học Chuyên nghiệp, |c 1983. |
| 300 | # | # | |a 281 tr. ; |c 27 cm. |
| 700 | # | # | |a Lê Chí Kiên, |e dịch. |
| 700 | # | # | |a Nguyễn Văn Thoại, |e dịch. |
| 992 | # | # | |a 2088 |
| 994 | # | # | |a DLU |
| 900 | # | # | |a True |
| 911 | # | # | |a Trương Thị Mỹ Lệ |
| 925 | # | # | |a G |
| 926 | # | # | |a A |
| 927 | # | # | |a SH |
| 980 | # | # | |a Thư viện Trường Đại học Đà Lạt |